000 00626nam a2200217 a 4500
001 62452
003 BD-RjUL
005 20211209081104.0
008 170124r19781965enka 001 0 eng
035 _a(BD-RjUL)62578
040 _aDLC
_cCHuG
_dBD-RjUL
_beng
041 _aeng
082 _223
_a428
_bCHM 1978
100 1 0 _aChrist, Henry I.
_9185715
245 1 0 _aModern English in action /
_cHenry I. Christ
260 _aToronto :
_bD.C. Health and company,
_cc1978
300 _aX, 495 p. :
_bill. ;
_c20 cm.
500 _aIncludes index.
650 _aEnglish language
_vComposition and exercises
_9185716
942 _2ddc
_cBK
999 _c62452
_d62452